=LDR 00000nam 2200000 4500 =001 INLIS000000000036995 =005 20150930154737.0 =006 =007 =008 Ind =035 ##$$0010-061300000036995 =041 ##$$a Ind =082 ##$$a 398.3 =090 ##$$a 398.3, Sus p =100 ##$$a Susilo, cerviena =245 ##$$a Pustaka dongeng nusantara, kisah-kisah memikat dari berbagai daerah, Cerviena Susilo =260 ##$$a [20...?] $b jakarta =300 ##$$a 190 hlm, ilus, 24 cm =650 ##$$a Cerita rakyat =850 ##$$a NBPNMAT =990 ##$$a 21400613/BPAP-NTB/20142014 =990 ##$$a 1343413434 =990 ##$$a 1343513435 =990 ##$$a 21101703 =990 ##$$a 21400613/BPAP-NTB/20142014 =990 ##$$a 0001/BPAP-NTB/2015 =990 ##$$a 01201713434